01417nam a2200337 a 4500001001000000003000500010005001700015008004100032010001100073011001100084040000900095090001000104100004500114245014800159260004100307500006000348502008000408590004000488590004000528650003100568650003400599650003500633650003300668856007000701901000700771942001000778942000600788999001900794952013100813952013500944000114442CHAP20220329144441.0180129s2017 mx |sm |||||||spa d a110903 a111875 cCHAP aTesis1 aUrbina Velasco, Rubiel Alejandro913449610aPropuesta de mejora en los procesos de aserrío e inpregnación en una industria forestalh[En línea]cpor Rubiel Alejandro Urbina Velasco. aChapingo, Méx. :bEl autor,c2017. aPara ver el contenido del material haga clic en la liga aTesis (Ing. Forestal Industrial) -- UACH. División de Ciencias Forestales aE6337LMJb05c20180129lUCH01h1040 aE6337LMJb05c20180129lUCH01h104114aIndustria maderera.95787214aMaderaxPermeabilidad.96961514aMaderaxPreservación.96961914aMaderaxTecnología.969629 aFinding aiduhttp://10.13.5.2/tesis/sist114442.pdfzTeclea aquí aBK cTESIS n0 c110903d110903 00104054718TESISaBCbBCd2018-01-29fTESISl0oTesisp114442-10r2019-12-31 00:00:00w2019-12-31yTESISzRecien adquirido 00102local4053708TESISaBCbBCcPA_TESISd2018-01-29fTESISl0oTesisp114442-20r2019-12-31 00:00:00tc.2w2019-12-31yTESIS